Polskie wsie - nagła śmierć - Statystyki

Ogólne statystyki
  • Ten quiz został rozwiązany 101 razy
  • Średni wynik to 3 z 15
Answers on the Grid
Answers color-coded by a green-red scale on the quiz's grid according to % correct below.
Józefosław
Rudnik nad Sanem
Dorohusk
Rakoniewice
Kwilcz
Kamień Krajeński
Jurata
Wojkowice
Cigacice
Skwierzyna
Ustronie Morskie
Bogumin
Truskolasy
Otmuchów
Chełmsko Śląskie
Boguszów-Gorce
Odrzykoń
Liberec
Olszyna
Miastko
Kuźnica
Małkinia Górna
Potęgowo
Sztum
Granowo
Tolkmicko
Szypliszki
Zaniemyśl
Rogowiec
Hajnówka
 
Statystyki odpowiedzi
Odpowiedź % Poprawnych
Jurata
36%
Kuźnica
31%
Truskolasy
27%
Ustronie Morskie
24%
Cigacice
22%
Granowo
22%
Józefosław
22%
Chełmsko Śląskie
20%
Odrzykoń
20%
Potęgowo
20%
Dorohusk
18%
Szypliszki
18%
Kwilcz
16%
Rogowiec
16%
Olszyna
13%
Nie znaleziono quizów pasujących do podanych kryteriów
Rozkład punktacji
Procent ludzi z każdym wynikiem
Percentyl według liczby udzielonych odpowiedzi
Twoja historia wyników
Nie rozwiązałeś tego quizu